000 00597nam a2200181Ia 4500
008 151018s9999 xx 000 0 und d
082 _bRBASDV48837
_a891.463
100 _aपल्लवी सरलष्कर
245 _aपरयांची करामत
250 _b1
260 _bअजब प्रकाशन
_c2007
300 _a48
600 _aपल्लवी सरलष्कर
630 _aपरयांची करामत
700 _aपल्लवी सरलष्कर
730 _aपरयांची करामत
942 _cBOOK
999 _c1047961
_d1047958